Rozpoznaj państwo po mieście #3 - Statystyki

Ogólne statystyki
  • Ten quiz został rozwiązany 32 razy
  • Średni wynik to 17 z 24
Statystyki odpowiedzi
Miasto Państwo % Poprawnych
Tallinn Estonia
100%
Kopenhaga Dania
96%
Kair Egipt
96%
Saloniki Grecja
96%
Panama Panama
96%
Abu Zabi Zjednoczone Emiraty Arabskie
92%
Baku Azerbejdżan
88%
Tunis Tunezja
88%
Rovaniemi (Laponia) Finlandia
85%
Caracas Wenezuela
85%
Edmonton Kanada
77%
Lipawa Łotwa
77%
Tworki Polska
73%
Ovideo Hiszpania
69%
Kinszasa Demokratyczna Republika Konga
65%
Sri Dźajawardanapura Kotte Sri Lanka
65%
Cordoba Argentyna
54%
Palanga Litwa
46%
Nuku'alofa Tonga
46%
Niamey Niger
42%
Rangun Mjanma
38%
Malatya Turcja
31%
Comayagua Honduras
23%
Trivandrum Indie
19%
Nie znaleziono quizów pasujących do podanych kryteriów
Rozkład punktacji
Procent ludzi z każdym wynikiem
Percentyl według liczby udzielonych odpowiedzi
Twoja historia wyników
Nie rozwiązałeś tego quizu